Państwa z jednym sąsiadem - Statystyki

Ogólne statystyki
  • Ten quiz został rozwiązany 27 razy
    26 od ostatniego zresetowania
  • Średni wynik to 4 z 7
Answers on the Grid
Answers color-coded by a green-red scale on the quiz's grid according to % correct below.
Dania
Lesotho
Watykan
Korea Pólnocna
Kanada
Monako
San Marino
Malta
Gambia
Irlandia
Dominikana
Cypr
 
Statystyki odpowiedzi
Odpowiedź % Poprawnych
Lesotho
91%
Watykan
91%
Monako
68%
San Marino
64%
Gambia
41%
Irlandia
41%
Dominikana
36%
Nie znaleziono quizów pasujących do podanych kryteriów
Rozkład punktacji
Procent ludzi z każdym wynikiem
Percentyl według liczby udzielonych odpowiedzi
Twoja historia wyników
Nie rozwiązałeś tego quizu od ostatniego zresetowania